[Event "XXXV Magistral de Leon 2022"]
[Site "Leon"]
[Date "2022.07.08"]
[Round "1.1"]
[White "Santos Latasa, Jaime"]
[Black "Anand, Viswanathan"]
[Result "1-0"]
[WhiteElo "2675"]
[BlackElo "2756"]
[Annotator "TA"]
[PlyCount "47"]
[EventDate "2022.07.08"]
[EventType "k.o."]
[EventCountry "ESP"]
[SourceTitle "playchess.com"]
[Source "ChessBase"]
[SourceQuality "1"]

{[%evp 21,47,25,20,47,61,55,60,39,43,10,22,16,11,16,16,20,116,114,114,118,96,95,149,149,150,148,646,627]} 1. e4 e5 2. Nf3 Nc6 3. Bb5 {[%cal Bf1b5,Bb5a4,Ba4b3,Bb3c2,Bc2e4][%mdl 32]} a6 4. Ba4 Nf6 5. O-O Nxe4 6. d4 b5 7. Bb3 d5 8. dxe5 Be6 9. c3 Be7 10. Nbd2 Nc5 11. Bc2 d4 12. Nb3 {[%cal Rb3d4]} dxc3 {Hoping for ...Qxd1.} 13. Nxc5 Bxc5 14. Be4 {White is slightly better.} Qd7 15. bxc3 (15. Bg5 $5 {[%cal Rd1c2]} cxb2 16. Qxd7+ Bxd7 17. Rad1 $11) 15... Rd8 16. Qc2 Bd5 17. Bg5 {Strongly threatening Rad1.} Bxe4 $1 18. Qxe4 Qd5 {[#]} (18... Ne7 $1 $11) 19. Qg4 $1 $36 {[%mdl 2048] White is really pushing.} Rd7 20. Bh4 Kf8 {[#]} 21. a4 $1 h5 (21... b4 $142) 22. Qf5 {Threatens to win with axb5.} b4 23. cxb4 Nxb4 {[%mdl 8192]} (23... Bxb4 $16 24. Rac1 a5) 24. Rad1 {Weighted Error Value: White=0.03 (flawless) /Black=0.66} 1-0

[Event "XXXV Magistral de Leon 2022"]
[Site "Leon"]
[Date "2022.07.09"]
[Round "1.1"]
[White "Gelfand, Boris"]
[Black "Esipenko, Andrey"]
[Result "0-1"]
[WhiteElo "2668"]
[BlackElo "2682"]
[Annotator "TA"]
[PlyCount "106"]
[EventDate "2022.07.08"]
[EventType "k.o."]
[EventCountry "ESP"]
[SourceTitle "playchess.com"]
[Source "ChessBase"]
[SourceQuality "1"]
[TimeControl "1200+10"]

{[%evp 19,106,13,11,9,16,10,27,0,0,12,0,9,24,0,0,-55,-86,-88,-85,-206,-195,-212,-200,-201,-214,-201,-218,-233,-237,-247,-141,-147,-143,-147,-114,-129,-125,-135,-128,-189,-73,-63,-72,-59,-71,-104,-106,-105,-108,-141,179,-197,-66,-80,0,-212,-205,-251,-263,-250,-258,-224,-192,-451,-450,-458,-443,-439,-433,-402,-393,-479,-455,-504,-497,-589,-601,-575,-560,-535,-461,-3497,-2403,-4878,-3090,-29954,-29950,-29963,-4610]} 1. d4 {[%emt 0:00:02]} Nf6 {[%emt 0:00:02]} 2. c4 {[%emt 0:00:01]} e6 {[%emt 0:00:02]} 3. Nf3 {[%emt 0:00:01]} d5 {[%emt 0:00:06]} 4. Nc3 {[%emt 0:00:01]} Bb4 {[%emt 0:00:25]} 5. e3 {[%emt 0:00:02]} O-O {[%emt 0:00:18]} 6. Be2 {[%emt 0:00:01]} b6 {[%emt 0:00:48]} 7. O-O {[%emt 0:00:05]} Bb7 {[%emt 0:00:54]} 8. a3 {[%emt 0:00:04]} Bd6 {[%emt 0:00:51]} 9. b4 {[%emt 0:00:07]} dxc4 {[%emt 0:00:44]} 10. Bxc4 {[%emt 0:00:14]} a5 {[%emt 0:00:14]} 11. b5 {[%emt 0:00:30] E52: Nimzo-Indian: Rubinstein: 4...0-0 5 Nf3 d5 6 Bd3 b6.} Nbd7 {[%emt 0:00:03][%cal Bb8d7,Bd7e5,Be5g6][%mdl 32]} 12. Bb2 {[%emt 0:00:08]} e5 {[%emt 0:00:56] [#]} 13. Be2 $146 {[%emt 0:01:03] White has an edge.} (13. a4 {looks sharper.} Re8 14. Ng5 Rf8 15. Re1) ({Predecessor:} 13. h3 Qe7 14. Re1 Rae8 15. Be2 exd4 16. Nxd4 Qe5 17. g3 Nc5 18. Bf3 Bxf3 19. Qxf3 Nd3 20. Re2 Qc5 21. Qc6 Qh5 22. Kg2 Ne5 {0-1 (22) Babula,V (2549)-Navara,D (2716) Pardubice 2014}) 13... Re8 {[%emt 0:00:32]} 14. dxe5 {[%emt 0:03:18]} Nxe5 {[%emt 0:00:18]} 15. Nd4 {[%emt 0:00:01]} Bc5 {[%emt 0:04:00]} 16. Nb3 {[%emt 0:04:18]} (16. Na4 $5 {[%cal Ra4c5]}) 16... Bd6 {[%emt 0:00:44]} 17. Qc2 {[%emt 0:01:38]} (17. Nd4 $11) 17... Qe7 $15 {[%emt 0:00:29]} 18. Qd1 {[%emt 0:06:43]} h5 {[%emt 0:04:17][%cal Bh7h5,Bh5h4][%mdl 32] ...Neg4 is the strong threat.} 19. h3 {[%emt 0:00:12] Against Neg4} (19. Nd4 $17) 19... Ng6 $19 {[%emt 0:00:37]} 20. Bf3 {[%emt 0:02:18] [#]} Qe5 $1 {[%emt 0:00:53][%csl Gd6][%cal Re5h2]} 21. g3 {[%emt 0:00:20]} Bxf3 {[%emt 0:00:15]} 22. Qxf3 {[%emt 0:00:00]} h4 {[%emt 0:00:03][%cal Rh4g3]} 23. Nd1 {[%emt 0:00:39]} Qxb5 {[%emt 0:00:15]} 24. Nd4 {[%emt 0:00:19]} Qd3 {[%emt 0:02:39]} (24... Qa6 $19 {aiming for ...Ne4.} 25. Nf5 Ne4) 25. Qf5 $17 {[%emt 0:00:32]} Re4 {[%emt 0:01:21][%cal Oe4d4]} 26. Nf3 {[%emt 0:00:31]} hxg3 {[%emt 0:00:27] Hoping for ...Qd5. 0x0.00222dad6c5bdp-1022s more active pieces.} 27. Bxf6 {[%emt 0:00:03]} gxf6 {[%emt 0:00:42] Dancing on a razor blade.} 28. fxg3 {[%emt 0:00:10]} Bxg3 {[%emt 0:00:18]} 29. Ra2 {[%emt 0:00:06]} (29. Qxf6 $17 {was worth a try.} Qc2 30. Nf2) 29... Rxe3 {[%emt 0:00:54]} (29... Nh4 $1 $19 {[%cal Rh4f5]} 30. Nxh4 Bxh4 31. Rg2+ Kf8) 30. Nxe3 {[%emt 0:00:08]} Qxe3+ {[%emt 0:00:01]} 31. Kh1 {[%emt 0:00:02] Strongly threatening Rg2.} Qf4 $1 {[%emt 0:00:16]} 32. Qd5 {[%emt 0:00:52]} Re8 {[%emt 0:00:09]} 33. Rg2 {[%emt 0:00:03] Black must now prevent Rfg1.} Re3 {[%emt 0:00:05]} 34. Nd2 {[%emt 0:00:25]} Qh6 {[%emt 0:00:25][%mdl 8192]} (34... Qh4 $1 $17 35. Rf3 Rxf3 36. Qxf3 Be5) 35. Qf5 {[%emt 0:00:12][%mdl 8192] Inhibits Nf4.} (35. Rxf6 $18 {is the narrow road to win.} Qg7 36. Qd8+ Qf8 37. Qd7) 35... Be5 {[%emt 0:00:36]} (35... Nh4 $19 36. Qg4+ (36. Qc8+ $2 Kg7 $19) 36... Qg5) 36. Nf3 $15 {[%emt 0:00:08]} Kg7 {[%emt 0:00:17]} (36... Qf4 $17 37. Qxf4 Bxf4) 37. Qd7 {[%emt 0:00:38] Black converts the advantage convincingly.} (37. h4 $1 $11 {and White has nothing to worry.}) 37... Bd6 $1 $19 {[%emt 0:00:11]} 38. h4 {[%emt 0:00:22]} Qh5 {[%emt 0:00:08] Against Qf5} ({Resist} 38... Bxa3 39. Rxg6+ $1 Qxg6 40. Rg1 $18) ({And not} 38... Rxa3 39. Rfg1 Kh8 40. Qe8+ (40. Qd8+ $2 Kh7 $19) 40... Kg7 41. Qd7 $11 (41. Rf1 $2 Rxf3 42. Rxf3 Qxh4+ 43. Kg1 Bc5+ 44. Rff2 Bxf2+ 45. Rxf2 Nf4 $19)) 39. Qg4 {[%emt 0:00:07]} Qxg4 {[%emt 0:00:07]} 40. Rxg4 {[%emt 0:00:01]} Kh6 {[%emt 0:00:12]} ({Stronger than} 40... Bxa3 41. h5 $17) 41. Nd4 $2 {[%emt 0:00:16]} (41. Ng1) 41... Kh5 {[%emt 0:00:03]} 42. Rg2 {[%emt 0:00:05]} Rh3+ 43. Kg1 Bc5 {[%emt 0:00:18]} 44. Rf5+ {[%emt 0:00:01]} Kh6 {[%emt 0:00:02]} 45. Rxc5 {[%emt 0:00:04]} bxc5 {[%emt 0:00:01][%mdl 4096] Endgame KRN-KRN} 46. Nf5+ {[%emt 0:00:02]} Kh7 {[%emt 0:00:08]} 47. Rc2 {[%emt 0:00:04]} Nxh4 {[%emt 0:00:12]} 48. Nxh4 {[%emt 0:00:09]} Rxh4 {[%emt 0:00:01]} 49. Rxc5 {[%emt 0:00:01] KR-KR} a4 {[%emt 0:00:26] Threatens to win with ...Rh3.} 50. Rxc7 {[%emt 0:00:01]} (50. Kg2 $142 Rd4 51. Rh5+ Kg6 52. Ra5) 50... Rh3 {[%emt 0:00:01]} 51. Rxf7+ {[%emt 0:00:07]} Kg6 {[%emt 0:00:01]} 52. Rb7 {[%emt 0:00:02]} Rxa3 {[%emt 0:00:03]} 53. Rb4 {[%emt 0:00:02]} Ra2 {[%emt 0:00:03] Weighted Error Value: White=0.80/Black=0.24 (precise)} (53... Ra1+ $142 54. Kg2 a3 55. Ra4 Kf5 56. Kh3 a2 57. Kg2 Ke6 58. Ra8 Kd7 59. Ra7+ Kc6 60. Ra8 Kb7 61. Ra5 f5 62. Ra4 Kb6 63. Ra8 Kc5 64. Rc8+ Kb6 65. Rc2 f4 66. Rf2 {[#]} Rg1+ $3 {[%mdl 512]} 67. Kxg1 a1=Q+ 68. Kg2 Qg7+ 69. Kf1 Qc3 70. Rg2 f3 71. Rh2 Kc5 72. Kf2 Qe5 73. Rh7 Qe2+ 74. Kg3 f2 75. Rh1 Kd4 76. Rh8 f1=Q 77. Rd8+ Kc3 78. Rc8+ Kd2 79. Rd8+ Ke1 80. Rd1+ Kxd1 81. Kh4 Qeg2 82. Kh5 Qfh1#) 0-1

[Event "XXXV Magistral de Leon 2022"]
[Site "Leon"]
[Date "2022.07.08"]
[Round "1.2"]
[White "Anand, Viswanathan"]
[Black "Santos Latasa, Jaime"]
[Result "1-0"]
[WhiteElo "2756"]
[BlackElo "2675"]
[Annotator "TA"]
[PlyCount "61"]
[EventDate "2022.07.08"]
[EventType "k.o."]
[EventCountry "ESP"]
[SourceTitle "playchess.com"]
[Source "ChessBase"]
[SourceQuality "1"]

{[%evp 16,61,46,0,10,8,6,0,28,19,26,35,42,0,0,0,0,0,0,0,4,0,11,0,0,-10,0,0,0,0,56,-10,50,0,43,41,239,225,262,254,244,225,389,380,380,374,549,549]} 1. e4 e5 2. Nf3 Nc6 3. Bb5 a6 4. Ba4 Nf6 5. O-O b5 6. Bb3 Bc5 7. c3 d6 8. d4 Bb6 9. Be3 O-O {C78: Ruy Lopez: Archangelsk and Möller Defences.} 10. Nbd2 Re8 11. Re1 Na5 {The position is equal.} (11... Bg4 {looks sharper.} 12. Qb1 exd4 13. cxd4 h6) 12. Bc2 c5 13. d5 {[#]} Ng4 $146 ({Predecessor:} 13... c4 14. b4 cxb3 15. axb3 Bd7 16. b4 Nb7 17. Qe2 Bxe3 18. Qxe3 Ng4 19. Qe2 Qb6 20. h3 Nf6 21. Ra3 Rec8 {½-½ (21) Mamyrbay,A (2195)-Kantor,G (2403) Porto Carras 2015}) 14. Nf1 (14. Bg5 $5 {[%cal Rg5d8]} f6 15. Bh4 $14) 14... Nxe3 15. Nxe3 c4 16. b4 cxb3 17. axb3 Qc7 18. Qd2 Bd7 19. Rec1 Rec8 20. Bd1 Qa7 21. Ra3 $1 Nb7 22. b4 a5 (22... f6 $11) 23. Rca1 (23. Nf5 $1 $14) 23... Rc7 ({Better is} 23... f6 $11) 24. Be2 (24. Nf5 $1 $14) 24... Rac8 25. bxa5 Bxa5 {[#] This costs Black the game.} ({Black should play} 25... Nxa5 $14 26. c4 Nb3 27. Rxa7 (27. Qb4 Nxa1 28. Rxa7 Bxa7 $16) 27... Nxd2 28. Rxc7 Nxf3+ 29. Bxf3 (29. gxf3 Rxc7 30. cxb5 Bd4 $14) 29... Rxc7) 26. Nf5 $1 $18 {[%cal Of5g7] aiming for Nxg7!} Bxf5 27. exf5 {Strongly threatening f6.} f6 28. Bxb5 {And now Bc6 would win.} Rc5 $2 (28... Qc5) 29. Bc6 Nd8 30. Qa2 Rb8 (30... Qc7 {was called for.} 31. Rxa5 Rxa5 32. Qxa5 Nxc6 33. Qxc7 Rxc7 34. dxc6 Rxc6) 31. Nd2 {Weighted Error Value: White=0.14 (very precise) /Black=0.40} ({Don't blunder} 31. Rxa5 $2 Rxa5 32. Qxa5 Qxa5 $19) 1-0

[Event "XXXV Magistral de Leon 2022"]
[Site "Leon"]
[Date "2022.07.09"]
[Round "1.2"]
[White "Esipenko, Andrey"]
[Black "Gelfand, Boris"]
[Result "0-1"]
[WhiteElo "2682"]
[BlackElo "2668"]
[Annotator "TA"]
[PlyCount "58"]
[EventDate "2022.07.08"]
[EventType "k.o."]
[EventCountry "ESP"]
[SourceTitle "playchess.com"]
[Source "ChessBase"]
[SourceQuality "1"]
[TimeControl "1200+10"]

{[%evp 9,58,-42,-45,-33,0,-6,-9,0,-17,-28,-20,-40,-16,-59,-47,-88,-77,-100,-69,-72,-40,-115,-83,-97,-29,-89,-114,-114,-102,-134,-124,-113,-103,-178,-165,-315,-315,-503,-500,-481,-455,-742,-737,-715,-701,-685,-539,-29985,-29986,-29993,-29994]} 1. e4 {[%emt 0:00:03]} c5 {[%emt 0:00:01]} 2. Nf3 {[%emt 0:00:06]} Nc6 {[%emt 0:00:01]} 3. Bb5 {[%emt 0:00:07]} e6 {[%emt 0:00:01]} 4. O-O {[%emt 0:00:11]} Nge7 {[%emt 0:00:01]} 5. b4 {[%emt 0:00:05]} Nxb4 {[%emt 0:05:20]} 6. c3 {[%emt 0:00:03] [#] B30: Sicilian: 2...Nc6 3 Bb5, lines without ...g6.} a6 $146 {[%emt 0:00:01]} ({Predecessor:} 6... Nbc6 7. d4 cxd4 8. cxd4 a6 9. Bd3 d5 10. Nc3 Ng6 11. exd5 exd5 12. Ng5 Be7 {1-0 (52) Schurade,M (2335)-Paoli,E (2200) Olomouc 1986}) 7. cxb4 {[%emt 0:00:27] Hoping for Be2.} axb5 {[%emt 0:00:01]} 8. bxc5 {[%emt 0:00:02] The position is equal.} b6 {[%emt 0:00:29]} 9. d4 {[%emt 0:00:03]} bxc5 {[%emt 0:00:51]} 10. dxc5 {[%emt 0:00:02]} Nc6 {[%emt 0:01:23] White must now prevent ...Qf6.} 11. Be3 {[%emt 0:01:48]} Be7 {[%emt 0:00:25]} 12. e5 {[%emt 0:03:20] Against Bf6} f5 {[%emt 0:01:37]} 13. Nc3 {[%emt 0:07:03]} Ba6 {[%emt 0:00:25][%cal Bc8a6,Ba6b7,Bb7c6][%mdl 32]} 14. Re1 {[%emt 0:00:37]} O-O {[%emt 0:00:18]} 15. Ne2 {[%emt 0:04:27]} (15. a3 $15) 15... Qc7 {[%emt 0:01:52]} 16. Nf4 {[%emt 0:00:40]} Na5 {[%emt 0:02:47]} (16... Bb7 $17 {Threatens to win with ...g5.} 17. h3 Nb4) 17. h4 {[%emt 0:00:12] Against g5} (17. Nd4 $1 $11 {keeps the balance.}) 17... Nc4 $17 {[%emt 0:01:48]} 18. Bd4 {[%emt 0:00:02]} Bb7 {[%emt 0:01:33]} 19. Ng5 {[%emt 0:00:54]} Bxg5 {[%emt 0:01:07]} 20. hxg5 {[%emt 0:00:02]} Ra4 {[%emt 0:00:01] Black is more active.} 21. Qb3 {[%emt 0:01:12]} (21. g6 $17 h6 22. Qd3) 21... Bc6 {[%emt 0:00:52]} 22. Re2 {[%emt 0:01:32]} (22. g6 $142 h6 23. Qg3) 22... Ra3 $19 {[%emt 0:00:31]} 23. Qd1 {[%emt 0:00:02]} (23. Qc2 $142) 23... Qd8 {[%emt 0:00:05]} 24. g6 {[%emt 0:00:50]} Qh4 {[%emt 0:00:25]} 25. Qc1 {[%emt 0:00:09]} (25. Be3 $142 Nxe5 26. Qd6 (26. Bc1 $2 Nf3+ 27. gxf3 Bxf3 $19) 26... Nf3+ 27. gxf3 Bxf3 28. Ng2) 25... hxg6 {[%emt 0:00:17][%cal Bh7g6,Bg6g5][%mdl 32]} 26. Bb2 {[%emt 0:00:18] [#]} g5 $1 {[%emt 0:00:38]} 27. Ng6 {[%emt 0:00:04]} Qh5 {[%emt 0:00:48][%csl LRe2,LRg6] ( -> ...Bxg2)} 28. Ne7+ {[%emt 0:00:03]} Kf7 {[%emt 0:00:02]} 29. Nxc6 {[%emt 0:00:15] [#]} Rh8 $1 {[%emt 0:00:21] Weighted Error Value: White=0.78/Black=0.18 (very precise)} 0-1

[Event "XXXV Magistral de Leon 2022"]
[Site "Leon"]
[Date "2022.07.08"]
[Round "1.3"]
[White "Santos Latasa, Jaime"]
[Black "Anand, Viswanathan"]
[Result "1/2-1/2"]
[WhiteElo "2675"]
[BlackElo "2756"]
[Annotator "TA"]
[PlyCount "83"]
[EventDate "2022.07.08"]
[EventType "k.o."]
[EventCountry "ESP"]
[SourceTitle "playchess.com"]
[Source "ChessBase"]
[SourceQuality "1"]

{[%evp 23,83,16,20,20,18,18,18,22,31,24,33,16,16,19,18,20,21,24,33,14,39,35,35,46,44,21,56,60,53,54,68,68,67,66,61,68,68,62,62,17,17,16,30,0,0,0,0,0,60,63,64,56,71,71,65,0,3,0,0,0,0,0]} 1. d4 Nf6 2. c4 e6 3. Nf3 d5 4. g3 dxc4 5. Bg2 c5 6. O-O Nc6 7. dxc5 Qxd1 8. Rxd1 Bxc5 9. Nbd2 c3 10. bxc3 {[%cal Bb2c3,Bc3c4][%mdl 32]} O-O 11. Nb3 Be7 12. c4 Bd7 13. Bb2 {E04: Open Catalan: 5 Nf3.} Rfc8 14. c5 Be8 15. Nfd2 b6 16. cxb6 axb6 17. Nc4 Rab8 18. Nd6 Bxd6 19. Rxd6 Na5 20. Nxa5 bxa5 21. Be5 {[#]} Rb5 $146 ({Predecessor:} 21... Rb4 22. Rad1 h6 23. Bf3 Kh7 24. Rd8 Rxd8 25. Rxd8 Bb5 26. Ra8 Ra4 27. Bc3 Rxa2 28. Rxa5 Rxa5 29. Bxa5 {½-½ (44) Vidit,S (2723)-Praggnanandhaa,R (2619) chess24.com INT 2022}) 22. f4 h6 23. Rad1 Kh7 24. h3 Rbc5 25. Bb7 {A strong pair of Bishops.} R8c7 26. Ba6 Bb5 27. Bxb5 Rxb5 {[#]} 28. Rxe6 $1 fxe6 29. Bxc7 $14 {[%mdl 4096] Endgame KRB-KRN} Rb2 {[%csl LRa2,LRe2]} 30. a4 Rxe2 31. Bxa5 {Black must now prevent Ra1.} (31. Ra1 $5 {[%cal Rc7a5]}) 31... Ra2 {Against Ra1} 32. Rd4 h5 33. Be1 Kg6 $1 34. a5 Kf5 $1 35. Kf1 Nd5 (35... g6 $11) 36. Bd2 Ra3 37. Kf2 Nf6 {[#]} 38. Ke2 $1 Nd5 39. Rd3 (39. Rc4 $14) 39... Ra1 $1 $11 {The position is equal.} 40. Rb3 h4 41. gxh4 Nxf4+ 42. Bxf4 {Weighted Error Value: White=0.08 (flawless) /Black=0.07 (flawless)} 1/2-1/2

[Event "XXXV Magistral de Leon 2022"]
[Site "Leon"]
[Date "2022.07.09"]
[Round "1.3"]
[White "Gelfand, Boris"]
[Black "Esipenko, Andrey"]
[Result "1/2-1/2"]
[WhiteElo "2668"]
[BlackElo "2682"]
[Annotator "TA"]
[PlyCount "63"]
[EventDate "2022.07.08"]
[EventType "k.o."]
[EventCountry "ESP"]
[SourceTitle "playchess.com"]
[Source "ChessBase"]
[SourceQuality "1"]
[TimeControl "1200+10"]

{[%evp 10,63,8,0,4,0,0,0,0,0,1,0,-11,0,0,0,0,-5,-9,-11,0,-24,0,0,1,0,7,0,5,0,19,21,24,24,34,32,27,0,59,59,61,59,58,22,22,12,16,11,15,4,4,4,4,4,5,5]} 1. d4 {[%emt 0:00:03]} Nf6 {[%emt 0:00:02]} 2. c4 {[%emt 0:00:01]} e6 {[%emt 0:00:03]} 3. Nf3 {[%emt 0:00:01]} d5 {[%emt 0:00:02]} 4. Nc3 {[%emt 0:00:01]} Bb4 {[%emt 0:00:12]} 5. e3 {[%emt 0:00:01]} O-O {[%emt 0:00:04]} 6. Be2 {[%emt 0:00:01]} b6 {[%emt 0:00:15] E50: Nimzo-Indian: Rubinstein: 4...0-0 5 Nf3.} 7. O-O {[%emt 0:00:03]} Bb7 {[%emt 0:00:15]} 8. a3 {[%emt 0:00:02]} Be7 {[%emt 0:00:27]} 9. b4 {[%emt 0:00:47]} dxc4 {[%emt 0:00:08]} 10. Bxc4 {[%emt 0:00:10]} c5 {[%emt 0:00:13]} 11. dxc5 {[%emt 0:02:39]} bxc5 {[%emt 0:00:01] [#]} 12. b5 $146 {[%emt 0:00:00]} ({Predecessor:} 12. Qxd8 Rxd8 13. b5 a6 14. Bb2 axb5 15. Bxb5 Nc6 16. Rfd1 Nd5 17. Nd2 Na5 18. Rab1 {½-½ (30) Ovsejevitsch,S (2600)-Bokros,A (2486) Zalakaros 2010}) 12... a6 {[%emt 0:00:01]} 13. Bb2 {[%emt 0:00:39]} axb5 {[%emt 0:00:09]} 14. Bxb5 {[%emt 0:00:10]} Qc7 {[%emt 0:00:29]} 15. Qe2 {[%emt 0:00:43]} Nc6 {[%emt 0:00:13]} (15... Ng4 {is more complex.} 16. g3 Nc6 17. Nd2 Rfd8) 16. Rfd1 {[%emt 0:00:55]} Rfd8 {[%emt 0:04:33]} 17. h3 {[%emt 0:00:27]} Na5 {[%emt 0:02:58]} 18. Rxd8+ {[%emt 0:01:15]} Rxd8 {[%emt 0:00:04]} 19. Rd1 {[%emt 0:00:01]} Nd5 {[%emt 0:01:06]} 20. Nxd5 {[%emt 0:02:32]} exd5 {[%emt 0:00:23]} 21. a4 {[%emt 0:00:20]} Nc4 {[%emt 0:05:12]} 22. Bxc4 {[%emt 0:03:02]} dxc4 {[%emt 0:00:02]} 23. Ne5 {[%emt 0:00:01][%cal Bf3e5,Be5c4,Bc4d2][%mdl 32]} Ba6 {[%emt 0:02:45]} (23... Rxd1+ $11 24. Qxd1 f6 25. Nxc4 Qc6) 24. Rxd8+ $14 {[%emt 0:00:55]} Bxd8 {[%emt 0:00:05]} 25. Nxc4 {[%emt 0:04:59] White is more active.} Qd7 {[%emt 0:00:44]} 26. Qd2 {[%emt 0:01:23]} (26. Qc2 {looks sharper.} h6 27. Nd2 Ba5 28. Nb3) 26... Qxd2 {[%emt 0:01:21] The position is equal.} 27. Nxd2 $11 {[%emt 0:00:01] KBB-KBN} Ba5 {[%emt 0:00:06]} 28. Ne4 {[%emt 0:00:02]} Bb4 {[%emt 0:01:15]} 29. Nc3 {[%emt 0:02:43]} Bc4 {[%emt 0:00:15]} 30. f3 {[%emt 0:00:20]} Bb3 {[%emt 0:00:08]} 31. Kf2 {[%emt 0:00:05]} Bxc3 {[%emt 0:00:05]} 32. Bxc3 {Weighted Error Value: White=0.05 (flawless) /Black=0.06 (flawless)} 1/2-1/2

[Event "XXXV Magistral de Leon 2022"]
[Site "Leon"]
[Date "2022.07.08"]
[Round "1.4"]
[White "Anand, Viswanathan"]
[Black "Santos Latasa, Jaime"]
[Result "1-0"]
[WhiteElo "2756"]
[BlackElo "2675"]
[Annotator "TA"]
[PlyCount "101"]
[EventDate "2022.07.08"]
[EventType "k.o."]
[EventCountry "ESP"]
[SourceTitle "playchess.com"]
[Source "ChessBase"]
[SourceQuality "1"]

{[%evp 22,101,3,10,12,14,0,0,35,32,60,39,31,23,35,13,7,0,0,0,10,0,0,0,0,0,-7,-12,17,31,21,0,0,8,40,5,45,58,60,48,55,13,18,6,63,18,14,28,14,10,12,15,64,29,46,30,39,25,79,79,83,76,97,97,130,129,135,133,135,123,241,238,331,316,325,320,1172,1172,1168,1160,29997,29998]} 1. e4 e5 2. Nf3 Nc6 3. Bb5 a6 4. Ba4 Nf6 5. O-O Nxe4 6. d4 b5 7. Bb3 d5 8. dxe5 Be6 9. c3 Be7 10. Bc2 Bg4 11. Qe1 Nc5 {[%cal Be4c5,Bc5e6,Be6f4][%mdl 32]} 12. Nbd2 Ne6 {[#] Inhibits Nd4. C83: Open Ruy Lopez: 9 c3 Be7.} 13. Qe2 $1 $146 {[%mdl 8] A top novelty.} ({Predecessor:} 13. h3 Bh5 14. Nh2 Bg6 15. Bxg6 fxg6 16. Nb3 g5 17. Qe2 O-O 18. Qg4 Qd7 19. Nf3 Rae8 20. Re1 {½-½ (35) Rios,C (2466)-Erdogdu,M (2396) Sharjah 2021}) 13... Qd7 14. Re1 Nf4 {The position is equal.} 15. Qe3 Ng6 16. h3 Bf5 17. Bxf5 Qxf5 18. Nd4 Nxd4 19. cxd4 O-O 20. Nf3 Rac8 21. Qb3 c5 22. dxc5 Bxc5 {[%cal Og6h4]} 23. Be3 Bxe3 24. Qxe3 Rfe8 25. Rad1 Rcd8 26. Qd3 Qxd3 27. Rxd3 Nf4 28. Rd2 f6 29. exf6 Rxe1+ 30. Nxe1 gxf6 $14 {[%mdl 4096] Endgame KRN-KRN} 31. Kf1 Kf7 32. h4 Ke7 (32... a5 $11) 33. g3 (33. Nc2 $5 {[%cal Rg2g3]}) 33... Ne6 34. Nc2 d4 35. Nb4 {[#] aiming for Nc6+.} Rd6 {Prevents Nc6+.} 36. Ke2 f5 (36... a5 $11 37. Nd3 Rd8) 37. Nd3 Rc6 38. Ne5 Rd6 39. Rd1 Kf6 {[#]} (39... Nc5 $11 {keeps the balance.}) 40. Nd3 $1 $16 Rc6 41. Kd2 {Against Rc2+} Nd8 42. Nf4 Rd6 43. Rc1 Rc6 44. Re1 Rd6 {Inhibits Nd5+.} 45. Re8 {White is more active.} Nc6 (45... Ne6 $16 {was worth a try.}) 46. Rf8+ $18 Ke5 47. Nd3+ Ke6 48. Nc5+ Ke5 $2 (48... Ke7 49. Rxf5 Nb8) 49. f4+ Kd5 50. Rxf5+ Kc4 51. Nd3 {Weighted Error Value: White=0.07 (flawless) /Black=0.32} 1-0